000
00354nam a2200157Ia 4500
100
_a
Festo
650
_a
Electrical Engineering
942
_c
BK
654
_a
Engineering
245
_a
Fundamentals of Control Engineering
260
_b
Festo Didactic
_a
Bomaby
_c
1988
082
_a
629.8312
_b
BOC
300
_a
594
546
_a
ENGLISH
999
_c
23977
_d
23977